000 01726namaa2200409 i 4500
003 EG-GICUC
005 20260418140558.0
008 260418m20102012ua ao||jr|||| 000 0 ara d
017 _a2010 / 7251
_bدار الكتب والوثائق القومية (مصر)
017 _a2011 / 7253
_bدار الكتب والوثائق القومية (مصر)
020 _a9789777040051
020 _a9789777045940
040 _aEG-GiCUC
_bara
_cEG-GiCUC
_dEG-GiCUC
_erda
043 _af------
082 0 4 _221
_a398.232
_bK459
092 0 4 _221
_a398.232
_bK459
099 _a398.2326 K459
100 1 _eمؤلف.
245 2 _aالخرافة والحكايات الشعبية فى أفريقيا /
_cترجمة وتقديم عبد الرحمن الخميسى.
250 _aالطبعة الاولى
264 _aالقاهرة (مصر) :
_bالمركز القومى للترجمة،
_c2010-2012.
300 _aمجلد 2 :
_bإيضاحيات، صور ؛
_c24 سم.
336 _2rdacontent
_atext
337 _2rdamedia
_aUnmediated
338 _2rdacarrier
_avolume
490 _aالمشروع القومى للترجمة ؛
_v1933
490 _aالمشروع القومى للترجمة ؛
_v1551
504 _aيشتمل على ارجاعات ببليوجرافية.
541 _aد. جابر عصفور ؛
_bالقاهرة ؛
_cإهداء ؛
_d2024.
650 1 7 _aالخرافات فى الادب الشعبى
_zافريقيا
_2qrmak
650 1 7 _aالقصص الخرافية
_zافريقيا
_2qrmak
650 1 7 _aالقصص الشعبية
_2qrmak
651 1 _2qrmak
700 1 _aالخميسى، عبد الرحمن عبد الرحمن
_eمترجم.
_eمقدم.
905 _aAya
942 _2ddc
_cBK
_e21
_n0
999 _c179557
_d179557